Welcome To New York (Lyrics)- Taylor Swift - Statistics

General Stats
  • This quiz has been taken 44 times
    41 since last reset
  • The average score is 321 of 344
Answer Stats
Answer % Correct
a
100%
And
100%
and
100%
I
100%
it
100%
lights
100%
me
100%
New
100%
new
100%
so
100%
the
100%
The
100%
to
100%
we
100%
Welcome
100%
welcome
100%
York
100%
you
100%
are
97%
been
97%
blind
97%
bright
97%
but
97%
But
97%
dance
97%
for
97%
it's
97%
It's
97%
sound
97%
they
97%
this
97%
waitin'
97%
beat
94%
Boys
94%
boys
94%
ever
94%
girls
94%
here
94%
more
94%
never
94%
want
94%
When
94%
before
90%
could
90%
heard
90%
somethin'
90%
Everybody
87%
hadn't
87%
is
87%
of
87%
said
87%
who
87%
forevermore
84%
Like
84%
on
84%
Searchin'
84%
soundtrack
84%
was
84%
love
81%
village
81%
aglow
77%
in
77%
Walkin'
77%
wanted
77%
can
74%
else
74%
heartbeats
74%
someone
74%
through
74%
under
74%
crowd
71%
guessing
71%
know
71%
our
71%
any
68%
apartment
68%
floors
68%
true
68%
anything
65%
bags
65%
changing
65%
coats
65%
crazy
65%
drives
65%
keeps
65%
loud
65%
change
61%
first
58%
great
58%
Kaleidoscope
58%
put
58%
them
58%
wouldn't
58%
drawer
55%
dropped
55%
real
55%
Took
55%
yeah
55%
broken
52%
hearts
52%
No matching quizzes found
Score Distribution
Percent of People with Each Score
Percentile by Number Answered
Your Score History
You have not taken this quiz since the last reset